El reverso de la locura /

Gardado en:
Detalles Bibliográficos
Autor Principal: Chesterton, Gilbert K. (autor)
Formato: Libro
Idioma:Lingua castelá
Series:(Ensayo ; 17)
Temas:
Etiquetas: Engadir etiqueta
Sen Etiquetas, Sexa o primeiro en etiquetar este rexistro!

MARC

LEADER 00000nam^a2200000^a^4500
001 000100687
005 20250521000000.0
009 20260310093211.197
037 |a Acervo ITESO - Biblioteca 
041 |a ESP 
082 |a 823.  |b CHE 
100 |a Chesterton, Gilbert K.  |e (autor) 
245 1 3 |a El reverso de la locura /  |c G.K. Chesterton ; tr. por Guillermo Blanco. 
264 |a Santiago, Chile :  |b Editorial del Nuevo Extremo,  |c 1959 
300 |a 189 p. 
336 |a texto  |b txt  |2 rdacontenido 
337 |a sin mediación  |b n  |2 rdamedio 
338 |a volumen  |b nc  |2 rdasoporte 
440 1 |a (Ensayo ;  |v 17) 
545 0 |a Gilbert Keith Chesterton, escritor inglés nacido en 1874 y muerto en 1936. Es conocido especialmente por la alegoría El hombre que fue jueves y por la fantasía política El Napoleón de Notting Hill, en la que denosta el mundo mecanizado y añora la vida previa a la revolución industrial; y, sobre todo por sus relatos policíacos, en los cuales creó al padre Brown, un personaje ya clásico del género (El secreto del padre Brown, La prudencia del padre Brown, El candor del padre Brown, entre otros). También escribió crítica literaria, estudios teológicos y narrativa no policíaca como La esfera y la cruz, La hostería volante, El club de las ocupaciones extravagantes, La época victoriana en la literatura, Ortodoxia, por citar algunos títulos. 
649 |a XX 
650 |a Novela Inglesa 
650 |a Literatura Inglesa -  |y Siglo XX 
910 |a Fondo Jesús Rodríguez 
920 |a Impresos - Libros 
930 |a Fondos Especiales 
940 |a Literatura 
905 |a 113 
901 |a 0500036665  |b IT2  |c ESP  |u 20250521 
902 |a https://opac.biblio.iteso.mx/vufind/Record/000100687